000 00996nam0a22002411 4500
001 rc\2677758
005 20260525093657.0
035 _a(NLR Aleph) 006806179
090 _a6295049
_c6295049
100 _a20110915d1932 |||y0rusy50 ca
101 0 _arus
102 _aRU
105 _aa z |||||
200 1 _aХлебные злаки Турции
_e[Сборник статей]
_fПод ред. проф. П. М. Жуковского...
210 _aЛенинград
_cВАСХНИЛ Ин-та растениеводства НКЗ СССР
_d1932
_gтип. Гидрографич. упр.
215 _aОбл., 153, [7] с., включ. тит. л.
_cил.
_d26х18 см.
702 1 _4340
_7ca
_8rus
_aЖуковский
_bП. М.
_cд-р с.-х. наук, д-р биол. наук
_f1888-1975
_gПетр Михайлович
_92710546
_3RU\NLR\AUTH\770294043
801 0 _aRU
_bNLR
_gpsbo
801 1 _aRU
_bELAR
_2rusmarc
852 _aNLR
_j32-5/633
942 _cBOOK
980 _aNB